|
|
|
|
| LEADER |
00000nab#a22000007a#4500 |
| 001 |
arbauad041803 |
| 003 |
AR-BaUAD |
| 005 |
20250711113249.0 |
| 008 |
991129|||||||||###||||||b###|0###a|spa|| |
| 040 |
|
|
|a AR-BaUAD
|c AR-BaUAD
|b spa
|
| 245 |
1 |
0 |
|a Self promotion
|
| 300 |
0 |
|
|b fot., il.
|
| 653 |
|
|
|a DISEÑO GRAFICO
|
| 653 |
|
|
|a ESTADOS UNIDOS
|
| 653 |
|
|
|a PROMOCION
|
| 653 |
|
|
|a AFICHES
|
| 653 |
|
|
|a FOLLETOS
|
| 653 |
|
|
|a TARJETAS
|
| 653 |
|
|
|a LIBROS
|
| 653 |
|
|
|a PACKAGING
|
| 653 |
|
|
|a LUKOVA, LUBA
|
| 653 |
|
|
|a HORI, ALLEN
|
| 653 |
|
|
|a EMERY, GARRY
|
| 653 |
|
|
|a SALANITRO, DAVID
|
| 653 |
|
|
|a SKJEI, MICHAEL
|
| 653 |
|
|
|a WEITZ, CARTER
|
| 653 |
|
|
|a ANDERSON, CHARLES
|
| 653 |
|
|
|a CAHAN, BILL
|
| 653 |
|
|
|a SUMMERFORD, JACK
|
| 653 |
|
|
|a STERLING, JENNIFER
|
| 653 |
|
|
|a VANDERBYL, MICHAEL
|
| 653 |
|
|
|a YAMASHITA, KEITH
|
| 653 |
|
|
|a VIVA, FRANK
|
| 653 |
|
|
|a MCDONOUGH, BRIAN
|
| 773 |
0 |
|
|t COMMUNICATION ARTS
|g no. 292 [nov. 1999], p. 171-194
|
| 942 |
|
|
|c ARTI
|
| 952 |
|
|
|0 0
|1 0
|4 0
|7 0
|9 86722
|a AR-BAuAD
|b AR-BAuAD
|d 2025-07-11
|l 0
|p AAQA041803
|r 2025-07-11 11:32:49
|w 2025-07-11
|y ARTI
|
| 990 |
|
|
|a DG199
|b TD
|
| 998 |
|
|
|a AAQ
|b BIBUN76
|
| 999 |
|
|
|c 66395
|d 66395
|